Every It’s Always Sunny In Philadelphia Episode - Statistics

General Stats
  • This quiz has been taken 193 times
    192 since last reset
  • The average score is 61 of 169
Answer Stats
Episode Season 1 % Correct
1 The Gang Gets Racist
89%
1 Charlie Has Cancer
67%
15 The Gang Goes to Ireland
67%
4 The Nightman Cometh
67%
10 Charlie Work
64%
9 Mac Day
62%
10 The Gang Beats Boggs
59%
7 Chardee MacDennis: The Game of Games
57%
4 Mac and Charlie Die (Part 1)
57%
4 Mac and Charlie Die (Part 2)
57%
5 The D.E.N.N.I.S. System
54%
7 The Gang Goes to the Jersey Shore
54%
1 Underage Drinking: A National Concern
54%
1 Charlie Got Molested
52%
1 Gun Fever
52%
2 The Gang Goes Jihad
52%
1 Charlie Wants An Abortion
51%
12 Hero or Hate Crime?
51%
6 The Gang Buys A Boat
51%
3 The Gang Gets Whacked (Part 1)
51%
3 The Gang Gets Whacked (Part 2)
51%
4 The Gang Solves the Gas Crisis
51%
12 The Gang Turns Black
51%
14 Dee Day
49%
7 Frank’s Brother
49%
13 Mac Finds His Pride
49%
11 The Gang Goes to Hell
49%
11 The Gang Goes to Hell: Part Two
49%
12 The Gang Tends Bar
49%
7 Frank’s Pretty Woman
48%
2 The Gang Exploits a Miracle
48%
3 The Gang Finds a Dumpster Baby
48%
12 The Gang Goes to a Water Park
48%
11 Chardee MacDennis 2: Electric Boogaloo
46%
7 How Mac Got Fat
46%
8 The Gang Gets Analyzed
46%
7 The High School Reunion
46%
6 Who Got Dee Pregnant?
46%
11 Being Frank
44%
2 Charlie Gets Crippled
44%
2 Dennis and Dee Go on Welfare
44%
9 Flowers for Charlie
44%
11 Mac & Dennis Move to the Suburbs
44%
4 Sweet Dee Has a Heart Attack
44%
10 The Gang Misses the Boat
44%
5 The Waitress Is Getting Married
44%
4 Who Pooped the Bed?
44%
6 A Very Sunny Christmas
43%
6 Mac Fights Gay Marriage
43%
3 Mac Is a Serial Killer
43%
5 The Gang Exploits the Mortgage Crisis
43%
8 Charlie’s Mom Has Cancer
41%
6 Dennis Gets Divorced
41%
2 Mac Bangs Dennis’ Mom
41%
7 Sweet Dee Gets Audited
41%
11 The Gang Hits the Slopes
41%
16 The Gang Inflates
41%
12 A Cricket’s Tale
39%
4 Mac’s Banging the Waitress
39%
3 The Gang Gets Held Hostage
39%
3 The Gang Solves the North Korea Situation
39%
10 The Gang Spies Like U.S.
39%
16 Dennis Takes a Mental Health Day
38%
16 Frank Shoots Every Member of the Gang
38%
5 Mac and Dennis Break Up
38%
4 Mac and Dennis: Manhunters
38%
12 PTSDee
38%
3 Sweet Dee’s Dating a Retarded Person
38%
15 The Gang’s Still in Ireland
38%
13 Charlie’s Home Alone
36%
6 Dee Gives Birth
36%
2 Dennis and Dee Get a New Dad
36%
10 Mac Kills His Dad
36%
12 Making Dennis Reynolds a Murderer
36%
13 The Gang Beats Boggs: Ladies’ Reboot
36%
2 The Gang Gives Back
36%
5 The Gang Hits the Road
36%
9 The Gang Tries Desperately to Win An Award
36%
5 The Great Recession
36%
8 Charlie and Dee Find Love
34%
3 Frank Sets Sweet Dee on Fire
34%
11 McPoyle vs. Ponderosa: The Trial of the Century
34%
8 Pop-Pop: The Final Solution
34%
3 The Gang Dances Their Asses Off
34%
2 The Gang Runs for Office
34%
5 The Gang Wrestles for the Troops
34%
8 The Maureen Ponderosa Wedding Massacre
34%
15 Dee Sinks in a Bog
33%
12 Dennis’ Double Life
33%
11 Frank Falls Out the Window
33%
7 Frank Reynolds’ Little Beauties
33%
16 Frank vs. Russia
33%
9 Gun Fever Too: Still Hot
33%
2 Hundred Dollar Baby
33%
12 Old Lady House: A Situation Comedy
33%
4 The Gang Cracks the Liberty Bell
33%
1 The Gang Finds A Dead Guy
33%
3 The Gang Gets Invincible
33%
7 The Gang Gets Trapped
33%
5 The Gang Gives Frank an Intervention
33%
14 The Gang Texts
33%
7 Thunder Gun Express
33%
8 Charlie Rules the World
31%
6 Mac’s Big Break
31%
6 The Gang Gets a New Member
31%
13 The Gang Makes Paddy’s Great Again
31%
14 The Janitor Always Mops Twice
31%
7 The Storm of the Century
31%
5 The World Series Defense
31%
12 Wolf Cola: A Public Relations Nightmare
31%
3 Dennis and Dee’s Mom Is Dead
30%
3 Dennis Looks Like a Registered Sex Offender
30%
4 Dennis Reynolds: An Erotic Life
30%
6 Mac and Charlie: White Trash
30%
8 Reynolds vs. Reynolds: The Cereal Defense
30%
7 The ANTI-Social Network
30%
8 The Gang Dines Out
30%
4 The Gang Gets Extreme: Home Makeover Edition
30%
9 The Gang Squashes Their Beefs
30%
7 The High School Reunion Part 2: The Gang’s Revenge
30%
2 Charlie Goes America All Over Everybody’s Ass
28%
10 Frank Retires
28%
6 Mac’s Mom Burns Her House Down
28%
14 Paddy’s Has a Jumper
28%
5 Paddy’s Pub: Home of the Original Kitten Mittens
28%
9 The Gang Broke Dee
28%
15 The Gang Carries a Corpse Up a Mountain
28%
13 The Gang Does A Clip Show
28%
13 The Gang Escapes
28%
9 The Gang Gets Quarantined
28%
8 The Gang Recycles Their Trash
28%
3 The Gang Sells Out
28%
14 Waiting for Big Mo
28%
15 2020: A Year in Review
26%
4 America’s Next Top Paddy’s Billboard Model Contest
26%
5 Mac and Charlie Write a Movie
26%
9 Mac and Dennis Buy a Timeshare
26%
4 Paddy’s Pub: The Worst Bar in Philadelphia
26%
6 The Gang Gets Stranded in the Woods
26%
9 The Gang Makes Lethal Weapon 6
26%
5 The Gang Reignites the Rivalry
26%
9 The Gang Saves the Day
26%
13 Time’s Up for the Gang
26%
10 Ass Kickers United: Mac and Charlie Join a Cult
25%
6 Charlie Kelly: King of the Rats
25%
6 Dee Reynolds: Shaping America’s Youth
25%
3 The Aluminum Monster vs. Fatty Magoo
25%
13 The Gang Gets New Wheels
25%
15 The Gang Makes Lethal Weapon 7
25%
15 The Gang Replaces Dee With a Monkey
25%
8 Frank’s Back in Business
23%
10 Psycho Pete Returns
23%
15 The Gang Buys a Roller Rink
23%
16 The Gang Goes Bowling
23%
10 The Gang Goes on Family Fight
23%
13 The Gang Solves the Bathroom Problem
23%
3 Bums: Making a Mess All Over the City
21%
14 The Gang Chokes
21%
11 Charlie Catches a Leprechaun
20%
10 The Gang Group Dates
20%
13 The Gang Wins the Big Game
18%
16 Celebrity Booze: The Ultimate Cash Grab
16%
14 The Gang Gets Romantic
16%
14 The Gang Solves Global Warming
16%
14 A Woman’s Right to Chop
15%
11 Dee Made a Smut Film
15%
16 The Gang Gets Cursed
15%
14 Thunder Gun 4: Maximum Cool
13%
16 Risk E. Rat’s Pizza and Amusement Center
8%
No matching quizzes found
Score Distribution
Percent of People with Each Score
Percentile by Number Answered
Your Score History
You have not taken this quiz since the last reset